[Event "DEM U12/U12w 2004"]
[Site "Willingen GER"]
[Date "2004.05.30"]
[Round "2"]
[White "Huschenbeth, Niclas"]
[Black "Doberitz, Paul"]
[Result "1-0"]
[Termination "normal"]
[Board "1"]
[WhiteElo "2100"]
[BlackElo "1576"]
[PlyCount "45"]
[WhiteFideId "24604747"]
[BlackFideId "24646130"]
[EventCountry "GER"]
[EventRounds "11"]
[EventType "swiss"]
[EventDate "2004.05.29"]

1. e4 c5 2. Nc3 Nc6 3. Nf3 d6 4. d4 cxd4 5. Nxd4 Nf6 6. Bc4 g6 7. f3 Bg7 8. Be3
O-O 9. Qd2 Bd7 10. O-O-O Qa5 11. h4 Rac8 12. Bb3 Ne5 13. h5 Nc4 14. Bxc4 Rxc4
15. Nb3 Qa6 16. hxg6 fxg6 17. e5 dxe5 18. Nc5 Qc6 19. Nxd7 Nxd7 20. Qxd7 Rxc3
21. bxc3 Qxc3 22. Qd5+ Kh8 23. Qb3 1-0

[Event "DEM U12/U12w 2004"]
[Site "Willingen GER"]
[Date "2004.05.30"]
[Round "2"]
[White "Dorn, Carina"]
[Black "Mihok, Oliver"]
[Result "0-1"]
[Termination "normal"]
[Board "2"]
[WhiteElo "1573"]
[BlackElo "2074"]
[PlyCount "132"]
[WhiteFideId "24666335"]
[BlackFideId "728012"]
[EventCountry "GER"]
[EventRounds "11"]
[EventType "swiss"]
[EventDate "2004.05.29"]

1. d4 Nf6 2. Nf3 c5 3. c4 cxd4 4. Nxd4 e5 5. Nc2 d5 6. cxd5 Qxd5 7. Qxd5 Nxd5
8. e4 Nf6 9. f3 Bc5 10. Bc4 Nc6 11. Nc3 Be6 12. Bxe6 fxe6 13. Bd2 Kf7 14. O-O-O
Rac8 15. Kb1 Rhd8 16. Bg5 Nd4 17. Rd2 h6 18. Bh4 Rd6 19. Rhd1 a6 20. Bf2 Rcd8
21. Nxd4 Bxd4 22. Ne2 Bc5 23. Rxd6 Rxd6 24. Rxd6 Bxd6 25. Kc2 Ke7 26. Kc3 Kd7
27. Kc4 b5+ 28. Kc3 Kc6 29. b4 Nd7 30. a3 Nb6 31. Nc1 Nc4 32. Kb3 g5 33. Nd3 h5
34. Bc5 a5 35. Bxd6 a4+ 36. Ka2 Kxd6 37. h3 g4 38. hxg4 hxg4 39. fxg4 Ke7 40.
g3 Kf6 41. Nc5 Kg5 42. Nxe6+ Kxg4 43. Nc7 Nd6 44. Kb2 Kf3 45. Kc2 Kxe4 46. Kd2
Nc4+ 47. Ke2 Nxa3 48. g4 Kf4 49. g5 Kxg5 50. Kf3 Kf5 51. Kf2 Ke4 52. Ke2 Kd4
53. Kd2 Kc4 54. Kc1 Kxb4 55. Kb2 Nc4+ 56. Ka2 e4 57. Nd5+ Kc5 58. Nc3 e3 59.
Kb1 b4 60. Ne2 Nd2+ 61. Kb2 a3+ 62. Ka2 Kc4 63. Ka1 b3 64. Nc3 e2 65. Nxe2 b2+
66. Ka2 b1=Q+ 0-1

[Event "DEM U12/U12w 2004"]
[Site "Willingen GER"]
[Date "2004.05.30"]
[Round "2"]
[White "Graf, Felix"]
[Black "Vollmer, Jürgen"]
[Result "1-0"]
[Termination "normal"]
[Board "3"]
[WhiteElo "2056"]
[BlackElo "1571"]
[PlyCount "117"]
[WhiteFideId "24608904"]
[EventCountry "GER"]
[EventRounds "11"]
[EventType "swiss"]
[EventDate "2004.05.29"]

1. d4 d5 2. Nf3 Nf6 3. e3 e6 4. Bd3 c5 5. O-O Nc6 6. b3 cxd4 7. exd4 Be7 8. Bb2
O-O 9. a3 b6 10. Nbd2 Bb7 11. Qe2 Nd7 12. h3 Bf6 13. Ne5 g6 14. f4 Bg7 15. Rae1
Rc8 16. Ndf3 Qe7 17. Nxc6 Bxc6 18. f5 Rce8 19. g4 Qd6 20. Qg2 Bb7 21. Ne5 exf5
22. Nxd7 Qxd7 23. gxf5 Rxe1 24. Rxe1 Re8 25. Rxe8+ Qxe8 26. Qf2 Bc8 27. fxg6
fxg6 28. Bf1 Qf7 29. c4 Qxf2+ 30. Kxf2 Be6 31. Ke3 Kf7 32. Kd3 Ke7 33. Bg2 Kd6
34. c5+ Kc7 35. b4 Bf6 36. Bc1 g5 37. Be3 h6 38. Bf2 Bg7 39. Bg3+ Kb7 40. b5 a6
41. c6+ Ka7 42. a4 axb5 43. axb5 Bf5+ 44. Ke3 Be6 45. Be5 Bf8 46. Kf2 Be7 47.
Kg3 h5 48. Bf3 Bf7 49. Be2 Ka8 50. Bd3 Be6 51. Bg6 h4+ 52. Kg2 Ka7 53. Be8 Ka8
54. Bd7 Bxd7 55. cxd7 Kb7 56. Kf3 Bd8 57. Kg4 Be7 58. Kf5 Bd8 59. Ke6 1-0

[Event "DEM U12/U12w 2004"]
[Site "Willingen GER"]
[Date "2004.05.30"]
[Round "2"]
[White "Eibl, Maximilian"]
[Black "Fischer, Thomas"]
[Result "0-1"]
[Termination "normal"]
[Board "4"]
[WhiteElo "1548"]
[BlackElo "2041"]
[PlyCount "48"]
[WhiteFideId "24620092"]
[BlackFideId "4683277"]
[EventCountry "GER"]
[EventRounds "11"]
[EventType "swiss"]
[EventDate "2004.05.29"]

1. e4 c5 2. Nf3 Nc6 3. d4 cxd4 4. Nxd4 Nf6 5. Nc3 e5 6. Ndb5 d6 7. Nd5 Nxd5 8.
exd5 Nb8 9. c4 a6 10. Nc3 Be7 11. Be2 f5 12. O-O O-O 13. Re1 Nd7 14. Bf1 Bg5
15. g3 e4 16. f3 Bxc1 17. Qxc1 exf3 18. Re3 Ne5 19. h3 Qg5 20. Qe1 f4 21. Rxe5
dxe5 22. Ne4 Qg6 23. Kh2 f2 24. Qxf2 Qxe4 0-1

[Event "DEM U12/U12w 2004"]
[Site "Willingen GER"]
[Date "2004.05.30"]
[Round "2"]
[White "Billing, Alexander"]
[Black "Kachibadze, Georg"]
[Result "1/2-1/2"]
[Termination "normal"]
[Board "5"]
[WhiteElo "1533"]
[BlackElo "1865"]
[PlyCount "87"]
[WhiteFideId "24624420"]
[BlackFideId "24640794"]
[EventCountry "GER"]
[EventRounds "11"]
[EventType "swiss"]
[EventDate "2004.05.29"]

1. e4 c5 2. Nc3 Nc6 3. g3 g6 4. Bg2 Bg7 5. d3 e6 6. Be3 d6 7. f4 Nge7 8. Nf3
O-O 9. O-O a6 10. Qd2 Qc7 11. d4 cxd4 12. Nxd4 Nxd4 13. Bxd4 Bxd4+ 14. Qxd4 Nc6
15. Qe3 e5 16. f5 gxf5 17. exf5 f6 18. Nd5 Qg7 19. Rad1 Nd4 20. Be4 Qg4 21. c3
Nc6 22. Nb6 Rb8 23. Rxd6 Ne7 24. Nxc8 Rbxc8 25. Rd7 Rf7 26. Bxb7 Nxf5 27. Rxf5
Qxf5 28. Bxc8 Rxd7 29. Bxd7 Qxd7 30. Qf3 Qe6 31. b3 e4 32. Qe3 Qg4 33. Kg2 Kg7
34. h3 Qe6 35. c4 Qe5 36. Qe2 Qd4 37. Qg4+ Kf7 38. Qh5+ Kg7 39. Qe2 f5 40. b4
e3 41. Kf1 Qe4 42. Kg1 Qb1+ 43. Kg2 Qe4+ 44. Kg1 1/2-1/2

[Event "DEM U12/U12w 2004"]
[Site "Willingen GER"]
[Date "2004.05.30"]
[Round "2"]
[White "Colpe, Malte"]
[Black "Tkachuk, Konstantyn"]
[Result "0-1"]
[Termination "normal"]
[Board "6"]
[WhiteElo "1520"]
[BlackElo "1814"]
[PlyCount "56"]
[WhiteFideId "24623075"]
[BlackFideId "24647330"]
[EventCountry "GER"]
[EventRounds "11"]
[EventType "swiss"]
[EventDate "2004.05.29"]

1. d4 Nf6 2. Nf3 g6 3. c4 Bg7 4. Nc3 O-O 5. e4 d6 6. Be2 e5 7. O-O Nc6 8. d5
Ne7 9. b4 Ne8 10. Nd2 f5 11. f3 f4 12. c5 Rf7 13. Ba3 Bf8 14. Nc4 g5 15. cxd6
cxd6 16. b5 Rg7 17. b6 a6 18. Qa4 Ng6 19. Qa5 Rb8 20. Qb4 h5 21. Kf2 g4 22. Ke1
Qh4+ 23. Kd2 Qxh2 24. Rh1 Qxg2 25. Rag1 Qf2 26. Kc1 gxf3 27. Rxg6 Rxg6 28. Rf1
Rg1 0-1

[Event "DEM U12/U12w 2004"]
[Site "Willingen GER"]
[Date "2004.05.30"]
[Round "2"]
[White "Heimann, Andreas"]
[Black "Penne, Bo"]
[Result "1-0"]
[Termination "normal"]
[Board "7"]
[WhiteElo "1808"]
[BlackElo "1532"]
[PlyCount "87"]
[WhiteFideId "24624632"]
[BlackFideId "24642193"]
[EventCountry "GER"]
[EventRounds "11"]
[EventType "swiss"]
[EventDate "2004.05.29"]

1. e4 c6 2. d4 d5 3. e5 Bf5 4. h4 h6 5. g4 Be4 6. f3 Bh7 7. e6 fxe6 8. Bd3 Qd6
9. f4 Nf6 10. g5 Bxd3 11. Qxd3 hxg5 12. Qg6+ Kd7 13. Nf3 Kc7 14. Nxg5 Rh6 15.
Qd3 Qd7 16. Nf7 Rh5 17. Ne5 Qd6 18. b3 Na6 19. Ba3 Qd8 20. Nd2 Rf5 21. Ndf3
Rxf4 22. Ng5 Kc8 23. Bc1 Rf5 24. Nxe6 Rxe5+ 25. dxe5 Qe8 26. Nxf8 Qxf8 27. exf6
Qxf6 28. c3 Qe5+ 29. Qe3 Qf6 30. Bb2 Qf7 31. Rf1 Qe8 32. Qe6+ Kd8 33. Ba3 Nc7
34. Qe5 g6 35. O-O-O Nb5 36. Bb4 a5 37. Bc5 Kd7 38. c4 Nc7 39. cxd5 Nxd5 40.
Rfe1 Qf8 41. Bxe7 Qh6+ 42. Bg5 Qh7 43. Bf4 Qxh4 44. Qc7# 1-0

[Event "DEM U12/U12w 2004"]
[Site "Willingen GER"]
[Date "2004.05.30"]
[Round "2"]
[White "Nuber, Blasius"]
[Black "Lobmeyer, Fabian"]
[Result "1-0"]
[Termination "normal"]
[Board "8"]
[WhiteElo "1763"]
[BlackElo "1522"]
[PlyCount "45"]
[WhiteFideId "24620289"]
[BlackFideId "24659681"]
[EventCountry "GER"]
[EventRounds "11"]
[EventType "swiss"]
[EventDate "2004.05.29"]

1. e4 c5 2. Nf3 d6 3. d4 cxd4 4. Nxd4 Nf6 5. Nc3 g6 6. Be2 Bg7 7. Be3 Bd7 8. f3
O-O 9. Qd2 a6 10. Bh6 b5 11. h4 Qb6 12. O-O-O Nc6 13. Nxc6 Bxc6 14. h5 Rfd8 15.
Bxg7 Kxg7 16. hxg6 fxg6 17. Qh6+ Kf7 18. g4 Rh8 19. Nd5 Qc5 20. Qf4 Kg7 21.
Nxe7 Rad8 22. g5 Ne8 23. Nd5 1-0

[Event "DEM U12/U12w 2004"]
[Site "Willingen GER"]
[Date "2004.05.30"]
[Round "2"]
[White "Specht, Christian"]
[Black "Hirneise, Jens"]
[Result "1/2-1/2"]
[Termination "normal"]
[Board "9"]
[WhiteElo "1471"]
[BlackElo "1757"]
[PlyCount "83"]
[WhiteFideId "24647985"]
[BlackFideId "24614734"]
[EventCountry "GER"]
[EventRounds "11"]
[EventType "swiss"]
[EventDate "2004.05.29"]

1. e4 c5 2. Nf3 Nc6 3. d4 cxd4 4. Nxd4 Nf6 5. Nc3 e5 6. Ndb5 d6 7. Bg5 a6 8.
Na3 b5 9. Nd5 Be7 10. Bxf6 Bxf6 11. c3 Ne7 12. Nxf6+ gxf6 13. Nc2 Bb7 14. Bd3
d5 15. exd5 Nxd5 16. Be4 Rc8 17. O-O Ba8 18. Bxd5 Qxd5 19. Qxd5 Bxd5 20. Nb4
Bb7 21. Rfd1 Rg8 22. g3 Ke7 23. a4 bxa4 24. Rxa4 Rgd8 25. Raa1 Ke6 26. Rxd8
Rxd8 27. Nxa6 Kf5 28. Kf1 Ra8 29. Ke2 Rxa6 30. Rxa6 Bxa6+ 31. Ke3 Bc4 32. f3 h5
33. h4 Bd5 34. b4 e4 35. fxe4+ Bxe4 36. c4 Bb7 37. b5 Bh1 38. c5 Kg4 39. c6
Kxg3 40. Kd4 f5 41. Kc5 f4 42. c7 1/2-1/2

[Event "DEM U12/U12w 2004"]
[Site "Willingen GER"]
[Date "2004.05.30"]
[Round "2"]
[White "Endress, Anna"]
[Black "Maier, Maximilian"]
[Result "0-1"]
[Termination "normal"]
[Board "10"]
[WhiteElo "1755"]
[BlackElo "1510"]
[PlyCount "70"]
[WhiteFideId "24629472"]
[EventCountry "GER"]
[EventRounds "11"]
[EventType "swiss"]
[EventDate "2004.05.29"]

1. e4 c5 2. Nf3 d6 3. d4 cxd4 4. Nxd4 Nf6 5. Nc3 a6 6. f3 e6 7. Be3 Nbd7 8. Qd2
b5 9. g4 Nb6 10. O-O-O Bb7 11. Bd3 Rc8 12. h4 Nfd7 13. g5 Ne5 14. h5 Nbc4 15.
Bxc4 Nxc4 16. Qf2 Nxe3 17. Qxe3 Qc7 18. Qd2 b4 19. Nce2 d5 20. Qd3 dxe4 21.
fxe4 Be7 22. g6 Bf6 23. gxf7+ Kxf7 24. Rhf1 Rhd8 25. Qb3 Qe5 26. Qxb4 Bxe4 27.
Nc3 Rb8 28. Qa4 Bg2 29. Rfe1 Qf4+ 30. Kb1 Rxd4 31. Rxd4 Qxd4 32. Qxa6 Rxb2+ 33.
Ka1 Rb6 34. Qa7+ Rb7 35. Qa6 Qxc3# 0-1

[Event "DEM U12/U12w 2004"]
[Site "Willingen GER"]
[Date "2004.05.30"]
[Round "2"]
[White "Völsgen, Georg"]
[Black "Mazarov, Jürgen"]
[Result "1/2-1/2"]
[Termination "normal"]
[Board "11"]
[WhiteElo "1456"]
[BlackElo "1743"]
[PlyCount "79"]
[WhiteFideId "24635901"]
[BlackFideId "24617768"]
[EventCountry "GER"]
[EventRounds "11"]
[EventType "swiss"]
[EventDate "2004.05.29"]

1. e4 e5 2. Nf3 Nf6 3. Nxe5 d6 4. Nf3 Nxe4 5. d4 d5 6. Bd3 Nc6 7. O-O Be7 8. c4
Nf6 9. Re1 Bg4 10. Be3 O-O 11. c5 b6 12. Bb5 Bd7 13. Qa4 Na5 14. Bxd7 Qxd7 15.
Qxd7 Nxd7 16. Bd2 Nc6 17. b4 Bf6 18. Bc3 bxc5 19. bxc5 Rab8 20. Nbd2 Nxc5 21.
dxc5 Bxc3 22. Rab1 Rxb1 23. Rxb1 Bxd2 24. Nxd2 Rb8 25. Rxb8+ Nxb8 26. Kf1 Kf8
27. Ke2 Ke7 28. Ke3 Ke6 29. g4 Nc6 30. Nb3 Ke5 31. f4+ Ke6 32. Nd4+ Nxd4 33.
Kxd4 c6 34. h4 f6 35. a4 a5 36. f5+ Kf7 37. h5 g6 38. h6 Kg8 39. Ke3 Kf8 40.
Kd3 1/2-1/2

[Event "DEM U12/U12w 2004"]
[Site "Willingen GER"]
[Date "2004.05.30"]
[Round "2"]
[White "Hobusch, Alexander"]
[Black "Weber, Raphael"]
[Result "1-0"]
[Termination "normal"]
[Board "12"]
[WhiteElo "1735"]
[BlackElo "1471"]
[PlyCount "99"]
[WhiteFideId "24611387"]
[BlackFideId "24644110"]
[EventCountry "GER"]
[EventRounds "11"]
[EventType "swiss"]
[EventDate "2004.05.29"]

1. d4 Nf6 2. Nf3 g6 3. c4 c5 4. Nc3 Bg7 5. e3 O-O 6. Be2 d6 7. b3 e6 8. Bb2
cxd4 9. exd4 d5 10. O-O Nc6 11. Ne5 Ne7 12. Bf3 Nf5 13. Ne2 Re8 14. Ng3 Nd7 15.
Nxf5 Nxe5 16. dxe5 exf5 17. Bxd5 Qc7 18. f4 Be6 19. Bxe6 fxe6 20. Qe2 Red8 21.
Rad1 Rxd1 22. Rxd1 Rd8 23. Rd3 Qc5+ 24. Kf1 Rxd3 25. Qxd3 Qa5 26. a3 Bf8 27. b4
Qc7 28. Bc3 Kf7 29. c5 b6 30. cxb6 Qxb6 31. Bd4 Qc7 32. Qc3 Qb7 33. Bc5 Bxc5
34. bxc5 Qc6 35. Qa5 Qb7 36. Qb4 Qc6 37. a4 Ke7 38. Qb5 Qc7 39. a5 Kd8 40. c6
Kc8 41. Ke2 Qe7 42. a6 Qc7 43. Qb7+ Kd8 44. Kd3 h6 45. Kc4 g5 46. g3 g4 47.
Qxc7+ Kxc7 48. Kb5 h5 49. Kc5 Kc8 50. Kd6 1-0

[Event "DEM U12/U12w 2004"]
[Site "Willingen GER"]
[Date "2004.05.30"]
[Round "2"]
[White "Blübaum, Johanna"]
[Black "Korman, Maxim"]
[Result "0-1"]
[Termination "normal"]
[Board "13"]
[WhiteElo "1443"]
[BlackElo "1719"]
[PlyCount "82"]
[WhiteFideId "24647373"]
[BlackFideId "24619787"]
[EventCountry "GER"]
[EventRounds "11"]
[EventType "swiss"]
[EventDate "2004.05.29"]

1. d4 e6 2. c4 d5 3. Nc3 Be7 4. Bf4 Nf6 5. cxd5 exd5 6. e3 O-O 7. Bd3 a6 8.
Nge2 Re8 9. O-O Nbd7 10. f3 Nf8 11. e4 dxe4 12. fxe4 Ne6 13. Bc4 Nxf4 14. Nxf4
Bg4 15. Qd2 Bc5 16. Bd5 Nxd5 17. Nfxd5 Bd6 18. e5 Bf8 19. Qf4 Be6 20. Ne3 c6
21. Rad1 Qb6 22. b3 Rad8 23. Kh1 Rd7 24. Nc4 Bxc4 25. bxc4 Qb4 26. d5 Qxc3 27.
e6 fxe6 28. dxe6 Rxd1 29. Qf7+ Kh8 30. Rxd1 Rd8 31. Rf1 Qb4 32. g3 Qe7 33. Kg2
Re8 34. Rf2 Qxf7 35. Rxf7 Be7 36. Rf1 h6 37. Re1 Kg8 38. Kf3 Kf8 39. Ke4 Bf6
40. Kf5 Ke7 41. Rd1 Rd8 0-1

[Event "DEM U12/U12w 2004"]
[Site "Willingen GER"]
[Date "2004.05.30"]
[Round "2"]
[White "Jussupow, Alexander"]
[Black "Huhnstock, Rico"]
[Result "1/2-1/2"]
[Termination "normal"]
[Board "14"]
[WhiteElo "1715"]
[BlackElo "1449"]
[PlyCount "135"]
[WhiteFideId "24613509"]
[BlackFideId "24642932"]
[EventCountry "GER"]
[EventRounds "11"]
[EventType "swiss"]
[EventDate "2004.05.29"]

1. d4 Nf6 2. Nf3 g6 3. c4 Bg7 4. Nc3 d5 5. e3 O-O 6. Qb3 dxc4 7. Bxc4 Nc6 8.
Ne5 Nxe5 9. dxe5 Ne8 10. f4 c6 11. a4 Nc7 12. O-O Rb8 13. Rd1 Qe8 14. h3 Be6
15. e4 Qc8 16. Be3 b6 17. Bxe6 Nxe6 18. Qa3 Qc7 19. Rac1 Qb7 20. Rd2 Rfd8 21.
Rcd1 Rxd2 22. Rxd2 Qc7 23. Qb3 Rd8 24. Qd1 Rxd2 25. Qxd2 Qd8 26. Qxd8+ Nxd8 27.
b4 Nb7 28. Kf2 f6 29. exf6 exf6 30. Ke2 Bf8 31. b5 cxb5 32. Nxb5 Bc5 33. Nxa7
Bxe3 34. Kxe3 Nc5 35. Nb5 Nxa4 36. e5 fxe5 37. fxe5 Kf7 38. Ke4 Nc5+ 39. Kd5
Ke7 40. Nd6 Na4 41. Nc8+ Kd7 42. Na7 Nc5 43. Nc6 Ne6 44. Nb8+ Ke7 45. g3 Ng5
46. Nc6+ Kd7 47. Nd4 Nxh3 48. e6+ Ke7 49. Nc6+ Ke8 50. Ke5 Ng5 51. e7 b5 52.
Kf6 Ne4+ 53. Ke6 Nxg3 54. Nd4 Nf5 55. Nxb5 Nxe7 56. Nd6+ Kf8 57. Kf6 Ng8+ 58.
Kg5 Ke7 59. Ne4 Kf8 60. Nf2 Kf7 61. Ng4 h6+ 62. Kf4 h5 63. Ne3 Ne7 64. Kg5 Kg7
65. Ng2 Nf5 66. Nf4 Ne7 67. Nxh5+ gxh5 68. Kxh5 1/2-1/2

[Event "DEM U12/U12w 2004"]
[Site "Willingen GER"]
[Date "2004.05.30"]
[Round "2"]
[White "Gersch, Andre"]
[Black "Schäfer, Alexander"]
[Result "0-1"]
[Termination "normal"]
[Board "15"]
[WhiteElo "1433"]
[BlackElo "1701"]
[PlyCount "76"]
[BlackFideId "24615196"]
[EventCountry "GER"]
[EventRounds "11"]
[EventType "swiss"]
[EventDate "2004.05.29"]

1. e4 c5 2. Nf3 e6 3. d4 cxd4 4. Nxd4 Nf6 5. Nc3 Nc6 6. Bc4 Bc5 7. Be3 Qb6 8.
Nxc6 Bxe3 9. fxe3 Qxe3+ 10. Qe2 Qxe2+ 11. Bxe2 bxc6 12. Bd3 d5 13. exd5 cxd5
14. h3 a5 15. Nb5 Kd7 16. a4 Ba6 17. Kd2 Rhc8 18. Rhf1 Bxb5 19. Bxb5+ Kd6 20.
Kd3 e5 21. c3 Ra7 22. Rae1 Nd7 23. Bxd7 Rxd7 24. Rf5 f6 25. Re3 Rb7 26. Re2
Rcb8 27. Rff2 Ke6 28. g4 g6 29. h4 f5 30. g5 Kd6 31. Rc2 f4 32. Rfd2 e4+ 33.
Ke2 e3 34. Rd4 Rxb2 35. Rxb2 Rxb2+ 36. Kd1 f3 37. Rf4 e2+ 38. Ke1 Rb1+ 0-1

[Event "DEM U12/U12w 2004"]
[Site "Willingen GER"]
[Date "2004.05.30"]
[Round "2"]
[White "Schmitt, Philipp"]
[Black "Kamrla, Robin"]
[Result "1-0"]
[Termination "normal"]
[Board "16"]
[WhiteElo "1691"]
[BlackElo "1435"]
[PlyCount "69"]
[WhiteFideId "24641766"]
[EventCountry "GER"]
[EventRounds "11"]
[EventType "swiss"]
[EventDate "2004.05.29"]

1. e4 c5 2. Nf3 Nc6 3. d4 cxd4 4. Nxd4 Nf6 5. Nc3 e5 6. Nf3 Bb4 7. Bd3 d5 8.
exd5 Qxd5 9. O-O Bxc3 10. bxc3 e4 11. Bxe4 Qxd1 12. Bxc6+ bxc6 13. Rxd1 O-O 14.
Bg5 Nd5 15. c4 Nb6 16. Rd6 Bb7 17. Rb1 f6 18. Bf4 Nxc4 19. Rxb7 Nxd6 20. Bxd6
Rfd8 21. Bb4 Rd1+ 22. Be1 Re8 23. Kf1 g5 24. g4 f5 25. h3 h5 26. Rb4 fxg4 27.
hxg4 h4 28. Rb3 Ra1 29. Re3 Rxe3 30. fxe3 Rxa2 31. Nxg5 a5 32. e4 Rxc2 33. Bxa5
Rc5 34. Bd2 Kg7 35. Ne6+ 1-0

[Event "DEM U12/U12w 2004"]
[Site "Willingen GER"]
[Date "2004.05.30"]
[Round "2"]
[White "Gröger, Eric"]
[Black "Smolkina, Milana"]
[Result "1-0"]
[Termination "normal"]
[Board "17"]
[WhiteElo "1428"]
[BlackElo "1678"]
[PlyCount "41"]
[BlackFideId "24618780"]
[EventCountry "GER"]
[EventRounds "11"]
[EventType "swiss"]
[EventDate "2004.05.29"]

1. d4 Nf6 2. c4 e6 3. Nc3 Bb4 4. Qb3 a5 5. a3 Bxc3+ 6. Qxc3 O-O 7. Nf3 d6 8. e3
b6 9. Be2 Ba6 10. b3 c5 11. Bb2 Nc6 12. O-O Qe7 13. Rfe1 Rac8 14. Bf1 d5 15.
dxc5 Qxc5 16. b4 Qe7 17. b5 Bxb5 18. cxb5 Nb4 19. Qb3 Nc2 20. Rac1 a4 21. Qxa4
1-0

[Event "DEM U12/U12w 2004"]
[Site "Willingen GER"]
[Date "2004.05.30"]
[Round "2"]
[White "Kordts, Florian"]
[Black "Park, Johannes"]
[Result "1-0"]
[Termination "normal"]
[Board "18"]
[WhiteElo "1669"]
[BlackElo "1433"]
[PlyCount "139"]
[WhiteFideId "24626856"]
[EventCountry "GER"]
[EventRounds "11"]
[EventType "swiss"]
[EventDate "2004.05.29"]

1. c4 Nf6 2. Nc3 g6 3. e4 d6 4. d4 Bg7 5. f3 O-O 6. Bg5 h6 7. Be3 Nbd7 8. Qd2
Kh7 9. Nh3 c5 10. d5 a6 11. Be2 Rb8 12. O-O Ne5 13. Nf2 Bd7 14. a4 Qa5 15. Qc2
Qb4 16. b3 Ne8 17. Rfc1 f5 18. Bd2 Qb6 19. a5 Qd8 20. f4 Nf7 21. Bd3 Qc8 22.
Ra2 Nh8 23. Na4 Bxa4 24. Rxa4 Bd4 25. exf5 gxf5 26. g4 Ng7 27. Bc3 Bxc3 28.
Qxc3 Kg8 29. g5 hxg5 30. fxg5 Ng6 31. Qe1 Ne5 32. Qe2 Qd7 33. Re1 Rbe8 34. Bc2
e6 35. Qd1 Kh8 36. dxe6 Rxe6 37. Ra1 Rfe8 38. Kg2 Qc6+ 39. Qd5 Qxd5+ 40. cxd5
R6e7 41. h4 Ng6 42. Rxe7 Rxe7 43. h5 Nxh5 44. Rh1 Ngf4+ 45. Kf3 Kg7 46. Bxf5
Rf7 47. Kg4 Rf8 48. Ne4 Rh8 49. Nf6 Nxd5 50. Nxd5 Kf8 51. Rxh5 Rg8 52. Nf6 Rg7
53. Rh7 Rxh7 54. Nxh7+ Kg7 55. Nf6 Kf7 56. Ne4 d5 57. Nd6+ Kg7 58. Nxb7 c4 59.
bxc4 dxc4 60. Nc5 c3 61. Nxa6 Kf7 62. Nb4 Ke7 63. a6 Kd6 64. a7 Kc5 65. Nd3+
Kc4 66. a8=Q c2 67. Qc6+ Kb3 68. Nc1+ Kb2 69. Qxc2+ Ka3 70. Qb3# 1-0

[Event "DEM U12/U12w 2004"]
[Site "Willingen GER"]
[Date "2004.05.30"]
[Round "2"]
[White "Sharikow, Alexej"]
[Black "Orhan, Zilan"]
[Result "0-1"]
[Termination "normal"]
[Board "19"]
[WhiteElo "1420"]
[BlackElo "1626"]
[PlyCount "42"]
[BlackFideId "24624640"]
[EventCountry "GER"]
[EventRounds "11"]
[EventType "swiss"]
[EventDate "2004.05.29"]

1. e4 e5 2. Nf3 Nc6 3. Bc4 Bc5 4. Nc3 Nf6 5. d3 d6 6. h3 Be6 7. Bb3 Qe7 8. Bg5
h6 9. Bh4 g5 10. Bg3 O-O-O 11. Na4 Bb6 12. Nxb6+ axb6 13. c4 Nh5 14. Bh2 Nf4
15. Bxf4 gxf4 16. d4 exd4 17. Nxd4 Ne5 18. Nxe6 fxe6 19. Qd2 Qg5 20. f3 Rhg8
21. Rg1 Nxf3+ 0-1

[Event "DEM U12/U12w 2004"]
[Site "Willingen GER"]
[Date "2004.05.30"]
[Round "2"]
[White "Zelbel, Patrick"]
[Black "Mijatovic, Andrea"]
[Result "1-0"]
[Termination "normal"]
[Board "20"]
[WhiteElo "1618"]
[BlackElo "1422"]
[PlyCount "79"]
[WhiteFideId "24624322"]
[BlackFideId "14514524"]
[EventCountry "GER"]
[EventRounds "11"]
[EventType "swiss"]
[EventDate "2004.05.29"]

1. e4 c5 2. c3 d5 3. exd5 Qxd5 4. d4 Nf6 5. Nf3 Bg4 6. Be2 Nc6 7. O-O e6 8. Be3
cxd4 9. Nxd4 Bxe2 10. Qxe2 Bc5 11. Nxc6 Qxc6 12. Nd2 O-O-O 13. Nb3 Bxe3 14.
Qxe3 Qa6 15. Qc5+ Kb8 16. Nd4 Qd6 17. Qg5 Rhg8 18. Nb5 Qd5 19. Qg3+ e5 20. c4
Qe6 21. Rfe1 Nd7 22. b3 f6 23. Rad1 Qe7 24. Qe3 Nb6 25. Qe4 h6 26. Qc2 Rge8 27.
c5 Nd5 28. Nd6 Nb4 29. Qc4 Nc6 30. Nxe8 Rxe8 31. b4 Rc8 32. b5 Nd8 33. Rc1 Ne6
34. c6 g5 35. Qe4 Nc5 36. Qb4 b6 37. Red1 Rc7 38. Rd2 Kc8 39. Rcd1 Kb8 40. Qg4
1-0

[Event "DEM U12/U12w 2004"]
[Site "Willingen GER"]
[Date "2004.05.30"]
[Round "2"]
[White "Gadschisade, Machmud"]
[Black "Cornish, Alexander"]
[Result "1-0"]
[Termination "normal"]
[Board "21"]
[WhiteElo "1605"]
[BlackElo "1404"]
[PlyCount "89"]
[WhiteFideId "4647734"]
[EventCountry "GER"]
[EventRounds "11"]
[EventType "swiss"]
[EventDate "2004.05.29"]

1. e4 e6 2. d4 d5 3. exd5 exd5 4. Bd3 Bd6 5. Nc3 Nf6 6. Bg5 c6 7. h3 Nbd7 8.
Nf3 Qb6 9. Rb1 h6 10. Be3 Qc7 11. O-O Nf8 12. Re1 Ne6 13. Qd2 Bd7 14. b4 a6 15.
a4 Nh5 16. Ne2 O-O-O 17. b5 axb5 18. axb5 Kb8 19. b6 Bh2+ 20. Nxh2 Qd6 21. Qa5
Be8 22. Ra1 Kc8 23. Qa8+ Qb8 24. Qxb8+ Kxb8 25. Ra2 g6 26. Rea1 Kc8 27. g4 Nhg7
28. Nf4 g5 29. Nxe6 fxe6 30. Nf3 Kd7 31. Ra8 Bf7 32. Rxd8+ Rxd8 33. Ne5+ Ke8
34. f4 gxf4 35. Bxf4 Ke7 36. Ra7 Rb8 37. Nxf7 Kxf7 38. Bxb8 Ne8 39. Be5 c5 40.
Rxb7+ Kf8 41. Ba6 cxd4 42. Rb8 Ke7 43. Rxe8+ Kd7 44. b7 d3 45. b8=Q 1-0

[Event "DEM U12/U12w 2004"]
[Site "Willingen GER"]
[Date "2004.05.30"]
[Round "2"]
[White "Giesler, Julius"]
[Black "Kaphle, Stephan"]
[Result "1-0"]
[Termination "normal"]
[Board "22"]
[WhiteElo "1394"]
[BlackElo "1597"]
[PlyCount "141"]
[BlackFideId "24629103"]
[EventCountry "GER"]
[EventRounds "11"]
[EventType "swiss"]
[EventDate "2004.05.29"]

1. d4 Nf6 2. c4 g6 3. f3 Bg7 4. e4 d6 5. Be3 O-O 6. Nc3 Nc6 7. Qd2 e5 8. d5 Ne7
9. Nge2 Nd7 10. Nc1 f5 11. Nd3 Rf7 12. g3 Nf6 13. O-O-O c6 14. Kb1 cxd5 15.
cxd5 fxe4 16. fxe4 Bd7 17. Be2 a6 18. Rhf1 b5 19. Bg5 Rc8 20. Rc1 Be8 21. Nf2
Kh8 22. Ng4 Neg8 23. h4 Qd7 24. Nxf6 Nxf6 25. Qd1 h6 26. Bxf6 Rxf6 27. Rxf6
Bxf6 28. Bg4 Qd8 29. Bxc8 Qxc8 30. Qf3 Qd8 31. Rf1 Kg7 32. Kc2 b4 33. Ne2 a5
34. a3 Be7 35. Qb3 Qc8+ 36. Kb1 bxa3 37. bxa3 a4 38. Qc3 Qb7+ 39. Ka2 Qd7 40.
Rb1 Qg4 41. Qd3 Bf7 42. Rb7 Kf8 43. Ra7 Be8 44. Nc3 g5 45. hxg5 hxg5 46. Qf1+
Bf7 47. Qd3 Be8 48. Nxa4 Qc8 49. Qe3 Qg4 50. Qd3 Qc8 51. Ra6 Qb7 52. Nc3 Bd7
53. Qc4 Bc8 54. Rc6 Bg4 55. Qb5 Qd7 56. Qf1+ Ke8 57. Nb5 Bh3 58. Qf3 Bg4 59.
Qh1 Bh3 60. Qd1 Bg4 61. Qa4 Kf7 62. Rc7 Qd8 63. Qa7 Bh3 64. a4 Ke8 65. a5 Bc8
66. Qb8 Bd7 67. Qxd8+ Kxd8 68. Rb7 Bc8 69. a6 Bf6 70. Rb8 Kd7 71. a7 1-0